European Approach to Business Failure and Insolvency

Existujúci právny rámec v EÚ pre riešenie insolventnosti podniku. Snaha o harmonizáciu prípadov insolvencie s právom obchodných spoločností. Návrhy Európskej komisie na nový prístup k zlyhaným a insolventným podnikateľským aktivitám.

Gespeichert in:
Bibliographische Detailangaben
1. Verfasser: Veterníková, Mária, 1964-
Weitere Verfasser: Némethová, Ildikó, 1974-
Format: Buchkapitel
Sprache:Englisch
Schlagworte:
Tags: Tag hinzufügen
Keine Tags, Fügen Sie das erste Tag hinzu!

MARC

LEADER 00000naa$a2200000$$$4500
001 0196170
005 20240502073316.4
041 0 |a eng 
044 |a SK 
245 1 0 |a European Approach to Business Failure and Insolvency  |c Mária Veterníková, Ildikó Némethová 
520 |a Existujúci právny rámec v EÚ pre riešenie insolventnosti podniku. Snaha o harmonizáciu prípadov insolvencie s právom obchodných spoločností. Návrhy Európskej komisie na nový prístup k zlyhaným a insolventným podnikateľským aktivitám. 
610 2 0 |a bankrot 
610 2 0 |a insolventnosť 
610 2 0 |a likvidácia podniku 
610 2 0 |a reštrukturalizácia 
610 2 0 |a právo obchodné 
610 2 0 |a Európska komisia 
100 1 |a Veterníková, Mária, 1964- 
700 1 |a Némethová, Ildikó, 1974-